[Event "PNWCC Last Dance-A"]
[Site "Redmond"]
[Date "2022.06.23"]
[Round "9"]
[White "Tiglon, Bryce"]
[Black "Lee, Michael"]
[Result "1-0"]
[WhiteElo "2392"]
[BlackElo "2375"]
[PlyCount "75"]
[EventDate "2022.06.18"]
[EventType "tourn"]
[EventRounds "9"]
[EventCountry "USA"]
[EventCategory "5"]
[SourceTitle "EXT 2024"]
[Source "ChessBase"]
[SourceDate "2023.10.10"]
[SourceVersion "1"]
[SourceVersionDate "2023.10.10"]
[SourceQuality "1"]

1. e4 c6 2. d4 d5 3. e5 Bf5 4. Nf3 e6 5. Be2 c5 6. Be3 Qb6 7. Nc3 Nc6 8. 0-0 Qxb2 9. Qe1 cxd4 10. Bxd4 Nxd4 11. Nxd4 Bb4 12. Rb1 Bxc3 13. Rxb2 Bxe1 14. Rxe1 b6 15. h4 h5 16. Nxf5 exf5 17. c4 Ne7 18. Rd2 Rd8 19. cxd5 Rxd5 20. Red1 Rxd2 21. Bb5+ Kf8 22. Rxd2 Ng6 23. f4 Kg8 24. g3 Nf8 25. Rd8 Rh6 26. Ra8 a5 27. Ra7 Re6 28. Bc4 Rc6 29. Bxf7+ Kh7 30. Bd5 Rc1+ 31. Kf2 Rc2+ 32. Ke3 Rc1 33. Rf7 Ng6 34. Rxf5 Ne7 35. Rxh5+ Kg6 36. Rg5+ Kh6 37. Bf7 g6 38. h5 1-0

[Event "PNWCC Last Dance-A"]
[Site "Redmond"]
[Date "2022.06.20"]
[Round "5"]
[White "Vazquez, Guillermo"]
[Black "Lee, Michael"]
[Result "1/2-1/2"]
[WhiteElo "2560"]
[BlackElo "2375"]
[PlyCount "155"]
[EventDate "2022.06.18"]
[EventType "tourn"]
[EventRounds "9"]
[EventCountry "USA"]
[EventCategory "5"]
[SourceTitle "EXT 2024"]
[Source "ChessBase"]
[SourceDate "2023.10.10"]
[SourceVersion "1"]
[SourceVersionDate "2023.10.10"]
[SourceQuality "1"]

1. e4 c5 2. Nf3 Nc6 3. c3 Nf6 4. e5 Nd5 5. Bc4 Nb6 6. Bb3 c4 7. Bc2 d6 8. exd6 Qxd6 9. 0-0 Bg4 10. h3 Bh5 11. Re1 Bg6 12. Na3 e6 13. Bxg6 hxg6 14. b3 Qd3 15. Re3 Qf5 16. Nxc4 Nd5 17. d4 Nxe3 18. fxe3 b5 19. Nb2 b4 20. Bd2 bxc3 21. Bxc3 Bb4 22. Bxb4 Nxb4 23. Qd2 Rb8 24. Nc4 0-0 25. Nfe5 Qc2 26. Qxc2 Nxc2 27. Rc1 Nb4 28. Nd7 Nxa2 29. Ra1 Nc3 30. Nxf8 Kxf8 31. Rxa7 Rxb3 32. Ne5 Rb1+ 33. Kf2 Ne4+ 34. Kf3 Nd6 35. Rd7 Rb6 36. Rxf7+ Nxf7 37. Nd7+ Ke7 38. Nxb6 e5 39. d5 Ng5+ 40. Kg4 Ne4 41. Nc4 Kf6 42. h4 Nc5 43. Nb6 Nd3 44. d6 e4 45. d7 Ke7 46. g3 Nf2+ 47. Kg5 Nh1 48. g4 Nf2 49. Kf4 Kd8 50. g5 Ke7 51. Ke5 Nd3+ 52. Kd5 Ne1 53. Kc6 Kd8 54. Nc4 Nf3 55. Kd6 Nd2 56. Ne5 Nc4+ 57. Kd5 Nxe5 58. Kxe5 Kxd7 59. Kxe4 Ke6 60. Kd4 Kd6 61. Kc4 Kc6 62. Kd3 Kd5 63. Ke2 Ke5 64. Kf3 Kf5 65. Kg3 Ke4 66. Kf2 Ke5 67. Kf3 Kf5 68. e4+ Ke5 69. Ke3 Ke6 70. Kd4 Kd6 71. e5+ Ke6 72. Ke4 Ke7 73. Kd5 Kd7 74. e6+ Ke7 75. Ke5 Ke8 76. Kd6 Kd8 77. e7+ Ke8 78. Ke6 1/2-1/2

[Event "San Jose Mission 360-B"]
[Site "San Jose"]
[Date "2022.04.04"]
[Round "6"]
[White "Malicka, Maria"]
[Black "Lee, Michael"]
[Result "1-0"]
[WhiteElo "2329"]
[BlackElo "2372"]
[PlyCount "109"]
[EventDate "2022.04.01"]
[EventType "tourn"]
[EventRounds "9"]
[EventCountry "USA"]
[EventCategory "6"]
[SourceTitle "CBM 207 Extra"]
[Source "ChessBase"]
[SourceDate "2022.05.31"]
[SourceVersion "1"]
[SourceVersionDate "2022.05.31"]
[SourceQuality "1"]

1. e4 c6 2. Nc3 d5 3. Nf3 Bg4 4. h3 Bxf3 5. Qxf3 e6 6. Be2 Nf6 7. 0-0 Bc5 8. Rd1 d4 9. Nb1 Nbd7 10. d3 a5 11. Qg3 0-0 12. Nd2 a4 13. a3 b5 14. f4 Qe7 15. Kh1 Ne8 16. c3 Nd6 17. cxd4 Bxd4 18. Nf3 Ba7 19. Bd2 Nc5 20. Bc3 f6 21. Nd4 Rac8 22. Bf3 e5 23. Ne2 Rce8 24. Rac1 Nb3 25. Rc2 Kh8 26. Bb4 c5 27. Be1 Nd4 28. Nxd4 exd4 29. Re2 Nf7 30. Bh5 g6 31. Bf3 Bb8 32. Qg4 g5 33. e5 gxf4 34. exf6 Qxf6 35. Bh4 Qd6 36. Rxe8 Rxe8 37. Qf5 Kg7 38. Be4 Qh6 39. Bd5 Ne5 40. Bg5 Qg6 41. Qxf4 h6 42. Bh4 Nxd3 43. Qf1 Nf4 44. Bf3 d3 45. Be1 Kh7 46. Qf2 c4 47. Bc3 Qd6 48. Bg4 Kg8 49. Rf1 Qg6 50. Qd4 Be5 51. Qd7 Bxc3 52. bxc3 Ne2 53. Kh2 Nxc3 54. Bf5 Qf7 55. Bh7+ 1-0

[Event "San Jose Mission 360-B"]
[Site "San Jose"]
[Date "2022.04.01"]
[Round "1"]
[White "Lee, Michael"]
[Black "Mei, Austin"]
[Result "1-0"]
[WhiteElo "2372"]
[BlackElo "2336"]
[PlyCount "93"]
[EventDate "2022.04.01"]
[EventType "tourn"]
[EventRounds "9"]
[EventCountry "USA"]
[EventCategory "6"]
[SourceTitle "CBM 207 Extra"]
[Source "ChessBase"]
[SourceDate "2022.05.31"]
[SourceVersion "1"]
[SourceVersionDate "2022.05.31"]
[SourceQuality "1"]

1. d4 Nf6 2. c4 g6 3. f3 Bg7 4. e4 d6 5. Nc3 0-0 6. Be3 c5 7. Nge2 Nc6 8. d5 Ne5 9. Ng3 h5 10. Be2 h4 11. Nf1 e6 12. Bg5 h3 13. g4 exd5 14. Nxd5 Ned7 15. Qd2 Nb6 16. Nfe3 Be6 17. Rg1 Bxd5 18. cxd5 Re8 19. Nd1 Nbd7 20. Rg3 Qb6 21. Rxh3 Nh7 22. Bh6 Bxh6 23. Qxh6 Ndf8 24. Qd2 Re7 25. g5 Rae8 26. Nc3 a6 27. a4 f6 28. gxf6 Nxf6 29. 0-0-0 Qb3 30. Qf4 N6d7 31. Qxd6 b5 32. Qxa6 Rb8 33. axb5 Nb6 34. Qa3 Qb4 35. d6 Rd7 36. Qxb4 cxb4 37. Nd5 Rc8+ 38. Kb1 Nxd5 39. Rxd5 Ne6 40. Rh4 b3 41. Bd1 Nc5 42. e5 Ra7 43. Rc4 Rca8 44. Kc1 Ra1+ 45. Kd2 Na4 46. Bxb3 Nxb2 47. Rc2 1-0

[Event "Charlotte CCCSA Spring GM-A"]
[Site "Charlotte"]
[Date "2022.03.19"]
[Round "7"]
[White "Korley, Kassa"]
[Black "Lee, Michael"]
[Result "1/2-1/2"]
[WhiteElo "2398"]
[BlackElo "2377"]
[PlyCount "47"]
[EventDate "2022.03.16"]
[EventType "tourn"]
[EventRounds "9"]
[EventCountry "USA"]
[EventCategory "8"]
[SourceTitle "CBM 207 Extra"]
[Source "ChessBase"]
[SourceDate "2022.05.31"]
[SourceVersion "1"]
[SourceVersionDate "2022.05.31"]
[SourceQuality "1"]

1. d4 Nf6 2. c4 e6 3. Nf3 d5 4. g3 dxc4 5. Bg2 Bb4+ 6. Bd2 a5 7. 0-0 0-0 8. Qc2 Bxd2 9. Nbxd2 b5 10. b3 cxb3 11. axb3 Bb7 12. Rfc1 c6 13. e4 h6 14. e5 Nd5 15. Ne4 Ra7 16. Nc5 Nd7 17. Nxb7 Rxb7 18. Qxc6 Qb8 19. Nd2 Rc7 20. Qd6 Rxc1+ 21. Rxc1 Qxd6 22. exd6 a4 23. bxa4 bxa4 24. Bxd5 1/2-1/2

[Event "Charlotte CCCSA Spring GM-A"]
[Site "Charlotte"]
[Date "2022.03.18"]
[Round "4"]
[White "Lee, Michael"]
[Black "Ostrovskiy, Aleksandr A"]
[Result "0-1"]
[WhiteElo "2377"]
[BlackElo "2409"]
[PlyCount "100"]
[EventDate "2022.03.16"]
[EventType "tourn"]
[EventRounds "9"]
[EventCountry "USA"]
[EventCategory "8"]
[SourceTitle "CBM 207 Extra"]
[Source "ChessBase"]
[SourceDate "2022.05.31"]
[SourceVersion "1"]
[SourceVersionDate "2022.05.31"]
[SourceQuality "1"]

1. d4 Nf6 2. c4 e6 3. Nf3 Bb4+ 4. Bd2 Qe7 5. Qc2 Bxd2+ 6. Nbxd2 d6 7. e4 e5 8. d5 a5 9. c5 dxc5 10. Nc4 0-0 11. a4 Nbd7 12. Bd3 b6 13. Ne3 Ne8 14. h4 Nd6 15. g4 Nf6 16. Rg1 c4 17. Bxc4 Nfxe4 18. Bd3 f5 19. gxf5 Nc5 20. Bc4 Kh8 21. Ng5 Nxc4 22. Qxc4 Ba6 23. Qc3 Nd3+ 24. Kd2 Nc5 25. Rg4 Rad8 26. Ne4 Nxe4+ 27. Rxe4 Bb7 28. Qxe5 Qf7 29. Rd4 Rfe8 30. Qf4 Bxd5 31. Ke1 c5 32. Rd2 Bb3 33. Rxd8 Rxd8 34. Kf1 Qf6 35. Qg5 Rd2 36. Ng4 Qxg5 37. hxg5 Rd4 38. Ne5 Bxa4 39. Kg2 Rf4 40. Nf7+ Kg8 41. Kg3 Rxf5 42. Nd6 Rxg5+ 43. Kf4 Rg6 44. Nf5 Rf6 45. Ke5 Bd7 46. Ne7+ Kf7 47. Nd5 Re6+ 48. Kf4 g5+ 49. Kg3 h5 50. f4 h4+ 0-1

[Event "Redmond PNWCC President Day"]
[Site "Redmond"]
[Date "2022.02.18"]
[Round "2"]
[White "Lee, Michael"]
[Black "Stearman, Josiah P"]
[Result "0-1"]
[WhiteElo "2379"]
[BlackElo "2392"]
[PlyCount "140"]
[EventDate "2022.02.17"]
[EventType "tourn"]
[EventRounds "9"]
[EventCountry "USA"]
[EventCategory "8"]
[SourceTitle "CBM 207 Extra"]
[Source "ChessBase"]
[SourceDate "2022.05.31"]
[SourceVersion "1"]
[SourceVersionDate "2022.05.31"]
[SourceQuality "1"]

1. d4 d5 2. c4 c6 3. Nf3 Nf6 4. Nc3 e6 5. Bg5 Nbd7 6. cxd5 exd5 7. e3 Qa5 8. Nd2 Be7 9. Bd3 0-0 10. 0-0 Re8 11. Qc2 Nf8 12. a3 a6 13. b4 Qd8 14. Na4 h6 15. Bh4 g5 16. Bg3 Nh5 17. Bf5 Nxg3 18. fxg3 Bf6 19. Bxc8 Rxc8 20. Qf5 Nd7 21. Nc5 Nxc5 22. bxc5 Re6 23. Rab1 Qa5 24. Qd3 Rce8 25. Rfe1 R8e7 26. g4 Bg7 27. Rb4 Qd8 28. Nf1 Qe8 29. Rb3 Re4 30. Reb1 Qc8 31. h3 h5 32. Qd2 hxg4 33. Ng3 gxh3 34. Nxe4 Rxe4 35. Rxb7 Qe6 36. Qf2 Rxe3 37. Rxf7 Re2 38. Rb8+ Kh7 39. Qf3 Rxg2+ 40. Kf1 g4 41. Qd3+ Kh6 42. Rbb7 Ra2 43. Rbe7 Ra1+ 44. Kf2 Bxd4+ 45. Qxd4 g3+ 46. Kxg3 Qg6+ 47. Kf4 Rf1+ 48. Ke5 Re1+ 49. Kf4 Re4+ 50. Rxe4 Qxf7+ 51. Kg4 dxe4 52. Qe3+ Kg7 53. Qd4+ Qf6 54. Qd7+ Kg6 55. Qe8+ Kh6 56. Kxh3 Qf5+ 57. Kg3 Qg5+ 58. Kf2 Qxc5+ 59. Ke1 Qa5+ 60. Kf1 Qb5+ 61. Ke1 Qb1+ 62. Ke2 Qd3+ 63. Ke1 Qe3+ 64. Kd1 Qf3+ 65. Ke1 e3 66. Qh8+ Kg5 67. Qg7+ Kh4 68. Qh6+ Kg3 69. Qg7+ Kh2 70. Qb2+ Kh3 0-1

[Event "Redmond PNWCC President Day"]
[Site "Redmond"]
[Date "2022.02.17"]
[Round "1"]
[White "Wu, Rochelle"]
[Black "Lee, Michael"]
[Result "1/2-1/2"]
[WhiteElo "2299"]
[BlackElo "2379"]
[PlyCount "60"]
[EventDate "2022.02.17"]
[EventType "tourn"]
[EventRounds "9"]
[EventCountry "USA"]
[EventCategory "8"]
[SourceTitle "CBM 207 Extra"]
[Source "ChessBase"]
[SourceDate "2022.05.31"]
[SourceVersion "1"]
[SourceVersionDate "2022.05.31"]
[SourceQuality "1"]

1. d4 Nf6 2. c4 e6 3. Nc3 Bb4 4. Qc2 0-0 5. a3 Bxc3+ 6. Qxc3 d5 7. Bg5 c5 8. cxd5 cxd4 9. Qxd4 Nc6 10. Qd2 exd5 11. Nf3 Ne4 12. Bxd8 Nxd2 13. Kxd2 Rxd8 14. e3 d4 15. Nxd4 Bf5 16. f3 Nxd4 17. exd4 Rxd4+ 18. Ke3 Rd5 19. g4 Re8+ 20. Kf4 Bd7 21. Rc1 Bc6 22. Rc2 g5+ 23. Kg3 Re3 24. Be2 Rde5 25. Kf2 Rb3 26. Bd1 Rd3 27. Be2 Rb3 28. Bd1 Rd3 29. Be2 Rd4 30. Rhc1 h6 1/2-1/2

[Event "Redmond PNWCC Artist Point"]
[Site "Redmond"]
[Date "2021.09.06"]
[Round "9"]
[White "Lee, Michael"]
[Black "Tian, Eddy"]
[Result "1/2-1/2"]
[WhiteElo "2386"]
[BlackElo "2373"]
[PlyCount "35"]
[EventDate "2021.09.02"]
[EventType "swiss"]
[EventRounds "9"]
[EventCountry "USA"]
[SourceTitle "CBM 204 Extra"]
[Source "ChessBase"]
[SourceDate "2021.11.30"]
[SourceVersion "1"]
[SourceVersionDate "2021.11.30"]
[SourceQuality "1"]

1. c4 e6 2. Nc3 d5 3. d4 Bb4 4. cxd5 exd5 5. Bf4 c6 6. e3 Ne7 7. Bd3 Bf5 8. Nge2 0-0 9. 0-0 Bd6 10. Rb1 a5 11. Na4 Bxd3 12. Qxd3 Bxf4 13. Nxf4 Ng6 14. Nxg6 hxg6 15. Rfc1 Nd7 16. Nc5 Nxc5 17. Rxc5 Rb8 18. g3 1/2-1/2

[Event "Seattle Summer"]
[Site "Redmond"]
[Date "2021.08.11"]
[Round "1"]
[White "Lee, Michael"]
[Black "He, Anthony B"]
[Result "1/2-1/2"]
[WhiteElo "2382"]
[BlackElo "2447"]
[PlyCount "77"]
[EventDate "2021.08.11"]
[EventType "tourn"]
[EventRounds "9"]
[EventCountry "USA"]
[EventCategory "8"]
[SourceTitle "CBM 203 Extra"]
[Source "ChessBase"]
[SourceDate "2021.09.30"]
[SourceVersion "1"]
[SourceVersionDate "2021.09.30"]
[SourceQuality "1"]

1. Nf3 d5 2. d4 e6 3. c4 a6 4. cxd5 exd5 5. Bf4 Bd6 6. Bxd6 Qxd6 7. e3 Nf6 8. Bd3 0-0 9. 0-0 Bg4 10. Nbd2 Nbd7 11. h3 Bh5 12. Rc1 Rfe8 13. Qc2 c6 14. Nh4 Qe6 15. Rce1 Ne4 16. f4 Qf6 17. Bxe4 dxe4 18. g3 Qe7 19. Nf5 Qe6 20. g4 Bg6 21. Ng3 f5 22. Qb3 Qxb3 23. axb3 Nf6 24. gxf5 Bf7 25. Kf2 Rad8 26. Rc1 Rd5 27. Rc5 Kf8 28. Rfc1 Rxd4 29. exd4 e3+ 30. Ke2 exd2+ 31. Kxd2 Bxb3 32. Re5 Rd8 33. Ne4 Rxd4+ 34. Ke3 Rb4 35. Nc5 Bf7 36. Nd3 Ra4 37. Nc5 Rb4 38. Nd3 Ra4 39. Nc5 1/2-1/2

[Event "Kirkland PNWCC op"]
[Site "Kirkland"]
[Date "2020.01.19"]
[Round "4"]
[White "Lee, Michael"]
[Black "Cordova, Emilio"]
[Result "0-1"]
[WhiteElo "2388"]
[BlackElo "2588"]
[PlyCount "80"]
[EventDate "2020.01.17"]
[EventType "swiss"]
[EventRounds "7"]
[EventCountry "USA"]
[SourceTitle "CBM 194 Extra"]
[Source "ChessBase"]
[SourceDate "2020.03.31"]
[SourceVersion "1"]
[SourceVersionDate "2020.03.31"]
[SourceQuality "1"]

1. Nf3 c5 2. c4 b6 3. Nc3 Bb7 4. e4 d6 5. d4 cxd4 6. Nxd4 Nf6 7. f3 Nbd7 8. Be2 Rc8 9. Be3 a6 10. Rc1 e6 11. 0-0 Be7 12. Qd2 0-0 13. b3 Qc7 14. g4 h6 15. Kh1 Ne5 16. g5 hxg5 17. Bxg5 Nh7 18. Be3 Qd7 19. f4 Ng6 20. f5 Ne5 21. Nf3 Nxf3 22. Bxf3 b5 23. Rg1 Bf6 24. Bd4 Qe7 25. cxb5 axb5 26. fxe6 fxe6 27. Rcf1 Bxd4 28. Qxd4 Rc5 29. Bg2 Rf6 30. Ne2 Rh6 31. Qf2 Rch5 32. Bf3 Rxh2+ 33. Qxh2 Rxh2+ 34. Kxh2 Bxe4 35. Ng3 Bxf3 36. Rxf3 Qh4+ 37. Kg2 Ng5 38. Re3 d5 39. Rc3 Qh3+ 40. Kf2 e5 0-1